Riconosci il Pokémon - Quiz n°375 - Statistics

Statistiche generali
  • Questo quiz è stato fatto 1 volte
  • Il punteggio medio è 1 su 10
Statistiche sulle risposte
Indizio Risposta % Corretto
Generazione Ottava
100%
Altezza 0,6 m
0%
Sesso 50% ♂, 50% ♀
0%
Peso 6,0 kg
0%
Tasso di cattura 90 (20.1%)
0%
Pokémon Greedent
0%
Abilità Guancegonfie; Voracità
0%
Tasso di allevamento Medio-Veloce
0%
Tipo Normale
0%
Stadio evoluzione Prima evoluzione
0%
Nessun quiz corrispondente trovato
Distribuzione punteggi
Percentuale di utenti per punteggio
Percentile per numero di risposta
I tuoi punteggi nel tempo
Non hai fatto questo quiz